Animated Movie By Quote - Statistics

General Stats
  • This quiz has been taken 62 times
  • The average score is 6 of 15
Answer Stats
Quote Movie % Correct
Ogres are like onions. Shrek
100%
Because bees don't care what humans think is impossible. The Bee Movie
86%
Ohana means family. Family means nobody gets left behind or forgotten. Lilo & Stitch
82%
It's the wrong trousers Gromit, and they've gone wrong! Wallace & Gromit: The Wrong Trousers
78%
Everything Is Awesome The Lego Movie
76%
You're my favorite deputy. Toy Story
53%
Silenzio Bruno! Luca
49%
Adventure is out there. Up
45%
Just don’t go around visiting elephant graveyards, okay? The Lion King
39%
If you make Sen cry I won’t like you anymore. Spirited Away
12%
He's not drunk, Mom, he's just eccentric. Coralline
6%
This is my friends, and we're in El Rancho Camelot. Over The Hedge
6%
Everybody, try laughing. Then whatever scares you will go away! My Neighbor Totoro
4%
What A Beautiful Creature. Fantastic Mr Fox
2%
You're an embarrassment to nature, y'know that? Ice Age
2%
No matching quizzes found
Score Distribution
Percent of People with Each Score
Percentile by Number Answered
Your Score History
You have not taken this quiz